[Event "World Blitz 2023"]
[Site "Samarkand UZB"]
[Date "2023.12.29"]
[EventDate "2023.12.29"]
[Round "2.75"]
[Result "1-0"]
[White "Arystan Isanzhulov"]
[Black "David Bogdan"]
[WhiteElo "2431"]
[BlackElo "1880"]
[PlyCount "58"]

1. e4 c5 2. Nf3 Nc6 3. Nc3 e6 4. g3 g6 5. d4 cxd4 6. Nxd4 Bg7 7. Ndb5 Bf8
8. Bf4 e5 9. Nd5 Qa5+ 10. Bd2 Qa4 11. Qf3 Be7 12. b3 Nd4 13. Qd1 Nxb3 14.
Ndc3 Qb4 15. axb3 Qc5 16. Bc4 a6 17. Be3 Qc6 18. Bd5 Qf6 19. Nc7+ Kf8 20.
Nxa8 Bb4 21. Qd2 Ne7 22. Bh6+ Kg8 23. O-O Qf3 24. Nb6 Bxc3 25. Qe3 Qxe3 26.
fxe3 Nxd5 27. Nxd5 f5 28. Nxc3 Kf7 29. Rad1 1-0

[Event "World Blitz 2023"]
[Site "Samarkand UZB"]
[Date "2023.12.29"]
[EventDate "2023.12.29"]
[Round "2.76"]
[Result "0-1"]
[White "Nikolay Tregubenko"]
[Black "Ramazan Zhalmakhanov"]
[WhiteElo "1955"]
[BlackElo "2427"]
[PlyCount "62"]

1. e4 c5 2. Nf3 g6 3. d4 cxd4 4. Nxd4 Bg7 5. Nc3 Nc6 6. Be3 Nf6 7. Bc4 O-O
8. Bb3 Re8 9. O-O d6 10. f3 Na5 11. Qd2 a6 12. Kh1 b5 13. Rae1 Bb7 14. a3
Rc8 15. Nce2 e5 16. Ba2 exd4 17. Nxd4 Nc4 18. Qf2 Nxe3 19. Qxe3 Nd7 20. c3
Nb6 21. Qf4 Nc4 22. b3 Ne5 23. Qd2 Nc6 24. Ne2 Qh4 25. g3 Qd8 26. Rd1 Ne5
27. Nd4 Qc7 28. Rc1 d5 29. exd5 Bxd5 30. Kg1 Qb6 31. Qf2 Nd3 0-1

[Event "World Blitz 2023"]
[Site "Samarkand UZB"]
[Date "2023.12.29"]
[EventDate "2023.12.29"]
[Round "2.77"]
[Result "1-0"]
[White "Mittal Aditya"]
[Black "Danis Kuandykuly"]
[WhiteElo "2425"]
[BlackElo "1718"]
[PlyCount "46"]

1. d4 Nf6 2. c4 e6 3. Nf3 b6 4. g3 Ba6 5. Qc2 Bb7 6. Bg2 c5 7. d5 exd5 8.
cxd5 Nxd5 9. O-O Be7 10. Rd1 O-O 11. Qe4 f5 12. Qc4 b5 13. Qxb5 Qb6 14. Qc4
Qb4 15. Ne5 Qxc4 16. Nxc4 Na6 17. Bxd5+ Bxd5 18. Rxd5 Nb4 19. Rxd7 Nc2 20.
Rxe7 Nxa1 21. Nba3 Rad8 22. Bd2 Rd4 23. Bc3 1-0

[Event "World Blitz 2023"]
[Site "Samarkand UZB"]
[Date "2023.12.29"]
[EventDate "2023.12.29"]
[Round "2.78"]
[Result "0-1"]
[White "Timur Yonal"]
[Black "Matvey Galchenko"]
[WhiteElo "1862"]
[BlackElo "2424"]
[PlyCount "50"]

1. e4 e6 2. d4 d5 3. Nd2 a6 4. c3 c5 5. e5 Nc6 6. Ndf3 Qb6 7. Bd3 cxd4 8.
cxd4 Bb4+ 9. Kf1 f6 10. Bf4 fxe5 11. Nxe5 Nf6 12. Ngf3 O-O 13. g3 Bd7 14.
Kg2 Be8 15. Nxc6 bxc6 16. a3 Be7 17. Qd2 c5 18. dxc5 Bxc5 19. Rhe1 Ne4 20.
Rxe4 dxe4 21. Bxe4 Bc6 22. Bxc6 Qxc6 23. Qc3 Qd5 24. b4 Bb6 25. Kg1 Rac8
0-1

[Event "World Blitz 2023"]
[Site "Samarkand UZB"]
[Date "2023.12.29"]
[EventDate "2023.12.29"]
[Round "2.79"]
[Result "0-1"]
[White "Abdumajid Botiraliev"]
[Black "Abdimalik Abdisalimov"]
[WhiteElo "1515"]
[BlackElo "2417"]
[PlyCount "48"]

1. d4 Nf6 2. Bf4 e6 3. e3 d5 4. Nf3 c5 5. Nbd2 Nc6 6. c3 cxd4 7. exd4 Nh5
8. Be3 Bd6 9. Bd3 Nf4 10. Bxf4 Bxf4 11. O-O Bh6 12. Ne5 O-O 13. f4 g6 14.
Kh1 f6 15. Nxc6 bxc6 16. Nb3 Rb8 17. Qc2 Qd6 18. Rae1 Rb7 19. g3 Re7 20.
Re2 e5 21. fxe5 fxe5 22. Rxf8+ Bxf8 23. dxe5 Rxe5 24. Nd4 0-1

[Event "World Blitz 2023"]
[Site "Samarkand UZB"]
[Date "2023.12.29"]
[EventDate "2023.12.29"]
[Round "3.2"]
[Result "1-0"]
[White "Vladislav Artemiev"]
[Black "Ivan Cheparinov"]
[WhiteElo "2799"]
[BlackElo "2613"]
[PlyCount "184"]

1. Nf3 d5 2. g3 Nc6 3. d4 Bf5 4. Bg2 e6 5. O-O Nb4 6. Ne1 Be7 7. c3 Nc6 8.
c4 Nf6 9. cxd5 exd5 10. Nc3 O-O 11. Bg5 Ne4 12. Bxe7 Nxe7 13. Nxe4 Bxe4 14.
e3 Bxg2 15. Kxg2 c6 16. Qg4 Nc8 17. Nd3 Nd6 18. Nc5 Qe7 19. Qd7 Rfe8 20.
Qxe7 Rxe7 21. a4 g6 22. b4 a6 23. g4 Kg7 24. Nd3 Rae8 25. h3 f6 26. Rfc1
Rh8 27. Nf4 Rhe8 28. Rc5 Ne4 29. Rc2 Nd6 30. Rb1 g5 31. Nh5+ Kg6 32. Ng3
Rd7 33. Rcc1 Rde7 34. Rh1 f5 35. gxf5+ Nxf5 36. Nxf5 Kxf5 37. b5 axb5 38.
axb5 Rf8 39. Rhc1 Rf6 40. bxc6 bxc6 41. Rb6 Ree6 42. Ra1 h6 43. Kf3 Kg6+
44. Kg2 Re7 45. Raa6 Ree6 46. Ra7 Kh5 47. Rbb7 Rf5 48. Rf7 Rxf7 49. Rxf7
Kg6 50. Rc7 Rf6 51. Kg3 h5 52. f3 Re6 53. Kf2 Rf6 54. Ke2 Re6 55. Rc8 Kg7
56. Ra8 Kh7 57. Ra6 Kg7 58. Kd3 Rf6 59. Ke2 Re6 60. Kf2 Kg6 61. e4 dxe4 62.
d5 e3+ 63. Ke2 Re5 64. dxc6 Kf7 65. Ra7+ Ke6 66. Rh7 Rc5 67. Kxe3 Kf5 68.
c7 Ke5 69. Kd3 Kd5 70. Rxh5 Rxc7 71. Rxg5+ Ke6 72. h4 Kf6 73. Ke3 Rc4 74.
Rg4 Rc1 75. Kf2 Rc5 76. Kg3 Ra5 77. Rb4 Kg6 78. Kg4 Ra1 79. Rb6+ Kg7 80. h5
Rg1+ 81. Kf5 Rh1 82. h6+ Kh7 83. f4 Rf1 84. Ke5 Re1+ 85. Kf6 Rf1 86. f5
Kxh6 87. Kf7+ Kh7 88. f6 Ra1 89. Re6 Ra7+ 90. Kf8 Ra8+ 91. Re8 Ra6 92. f7
1-0

[Event "World Blitz 2023"]
[Site "Samarkand UZB"]
[Date "2023.12.29"]
[EventDate "2023.12.29"]
[Round "3.4"]
[Result "1-0"]
[White "Alexandr Predke"]
[Black "Richard Rapport"]
[WhiteElo "2594"]
[BlackElo "2748"]
[PlyCount "144"]

1. d4 Nf6 2. c4 c6 3. Nf3 d5 4. Nc3 a6 5. a4 e6 6. a5 dxc4 7. e4 Bb4 8. e5
Ne4 9. Qc2 Nxc3 10. bxc3 Bxa5 11. Bxc4 h6 12. O-O b5 13. Bb3 c5 14. Qe4 Ra7
15. Qg4 Kf8 16. dxc5 Bxc3 17. Ra2 Rd7 18. Rc2 b4 19. Ba4 Rd5 20. c6 a5 21.
Rxc3 bxc3 22. Ba3+ Kg8 23. Bd6 Na6 24. Rb1 Rxd6 25. exd6 Qxd6 26. Rd1 Qc7
27. Qc4 Kh7 28. Qd3+ f5 29. Qxc3 Rd8 30. Re1 Nb4 31. Ne5 Rd5 32. Qg3 g5 33.
h4 f4 34. Qc3 Qg7 35. Bc2+ Kg8 36. Bb3 Rd3 37. Qc4 Rd5 38. Qe2 Rd6 39. Qh5
Rd8 40. Ng4 Kh7 41. Bxe6 Qg6 42. Bf5 Bxf5 43. Re7+ Kh8 44. Qxg6 Bxg6 45.
Ne5 Nxc6 46. Nxg6+ Kg8 47. Rc7 Nd4 48. Ra7 g4 49. Nxf4 Nc6 50. Ra6 Rc8 51.
Nd5 Kf7 52. Nb6 Rc7 53. Nd5 Rd7 54. Rxc6 Rxd5 55. Rxh6 Rd3 56. Ra6 Ra3 57.
h5 Ra2 58. Kh2 Rxf2 59. Rxa5 Kg7 60. Kg3 Rb2 61. Ra6 Kh7 62. Rc6 Ra2 63.
Rg6 Rb2 64. Rf6 Ra2 65. Re6 Rb2 66. Rg6 Ra2 67. Rxg4 Kh6 68. Kh4 Kh7 69.
Rg5 Ra1 70. Rb5 Rc1 71. g4 Kg7 72. Rb6 Rc4 1-0

[Event "World Blitz 2023"]
[Site "Samarkand UZB"]
[Date "2023.12.29"]
[EventDate "2023.12.29"]
[Round "3.5"]
[Result "1/2-1/2"]
[White "Anish Giri"]
[Black "Ruslan Ponomariov"]
[WhiteElo "2731"]
[BlackElo "2613"]
[PlyCount "190"]

1. e4 e5 2. Nf3 Nc6 3. Bb5 a6 4. Ba4 Nf6 5. O-O d6 6. c4 Bd7 7. Nc3 g6 8.
d3 Bg7 9. h3 O-O 10. Be3 Re8 11. a3 Nh5 12. Nd5 Ne7 13. b4 b5 14. Nxe7+
Qxe7 15. Bb3 c5 16. Rc1 Rac8 17. Qd2 Be6 18. Ba2 Nf4 19. Bxf4 exf4 20. cxb5
axb5 21. Bxe6 Qxe6 22. Qxf4 Bb2 23. Rb1 Bxa3 24. bxc5 Rxc5 25. d4 Rcc8 26.
Rxb5 Qxe4 27. Qh6 Qe7 28. Rb3 Ra8 29. Ra1 d5 30. Ng5 f6 31. Re3 Qg7 32.
Qxg7+ Kxg7 33. Ne6+ Kf7 34. Nc7 Rxe3 35. fxe3 Rc8 36. Nxd5 Bd6 37. Ra6 Bg3
38. Rxf6+ Kg7 39. Rf1 Rc2 40. Nf4 h5 41. Nd3 Rd2 42. Ne5 Re2 43. Nc4 Rc2
44. Ne5 Re2 45. Nf3 Rxe3 46. Rd1 Kf6 47. Kf1 Ke6 48. Rd2 Kd5 49. Ra2 Re6
50. Ra5+ Kc4 51. Ra3 Kd5 52. Rc3 Ra6 53. Rc2 Ke4 54. Ke2 h4 55. Rd2 Ra5 56.
Rc2 Rb5 57. Ra2 Rb6 58. Rd2 Rb5 59. Rc2 Rb6 60. Kd2 Bf4+ 61. Ke2 Bg3 62.
Ra2 Rb5 63. Rd2 Ra5 64. Rb2 Ra6 65. Rb4 Ra2+ 66. Nd2+ Kf5 67. Kd3 Ra3+ 68.
Rb3 Ra2 69. Rb5+ Kf4 70. Rb6 Kf5 71. Rb1 Ra3+ 72. Rb3 Ra2 73. Nc4 Bf4 74.
Rb5+ Kf6 75. Rb2 Ra1 76. Ke4 Bg3 77. Rb6+ Kg5 78. Rb5+ Kf6 79. Ne3 Ra2 80.
Rb6+ Kg5 81. Rb1 Rd2 82. Rb5+ Kf6 83. Ng4+ Ke6 84. Rb6+ Kf7 85. Ne3 Bf2 86.
Rb1 Bxe3 87. Kxe3 Rxg2 88. Kf4 Rg3 89. Rh1 Ke6 90. Ke4 g5 91. Rh2 Kd6 92.
Rh1 Ke6 93. Rh2 Kd6 94. Rh1 Ke6 95. Rh2 1/2-1/2

[Event "World Blitz 2023"]
[Site "Samarkand UZB"]
[Date "2023.12.29"]
[EventDate "2023.12.29"]
[Round "3.6"]
[Result "1-0"]
[White "Volodar Murzin"]
[Black "Shakhriyar Mamedyarov"]
[WhiteElo "2591"]
[BlackElo "2716"]
[PlyCount "68"]

1. d4 Nf6 2. Nf3 g6 3. Bf4 c5 4. e3 Qb6 5. Nc3 d6 6. Bb5+ Bd7 7. a4 a6 8.
a5 Qc7 9. Bxd7+ Nbxd7 10. d5 Bg7 11. O-O O-O 12. Nd2 b5 13. axb6 Nxb6 14.
e4 Nfd7 15. Qe2 c4 16. Ra2 Rfc8 17. Be3 Qb7 18. Rfa1 e6 19. Ra5 exd5 20.
exd5 Re8 21. Nde4 Qc7 22. Rxa6 Rxa6 23. Rxa6 f5 24. Bxb6 Qb7 25. Ra7 Qxb6
26. Rxd7 fxe4 27. Nxe4 Kh8 28. Qxc4 Qxb2 29. g3 Qe5 30. Nxd6 Qe1+ 31. Qf1
Qxf1+ 32. Kxf1 Ra8 33. Rd8+ Rxd8 34. Nf7+ 1-0

[Event "World Blitz 2023"]
[Site "Samarkand UZB"]
[Date "2023.12.29"]
[EventDate "2023.12.29"]
[Round "3.7"]
[Result "1-0"]
[White "Alexey Sarana"]
[Black "Chithambaram Vr Aravindh"]
[WhiteElo "2707"]
[BlackElo "2584"]
[PlyCount "140"]

1. d4 d5 2. c4 Nc6 3. Nf3 Bg4 4. Bg5 Nf6 5. Nc3 Ne4 6. Bf4 e6 7. e3 Bb4 8.
Qb3 O-O 9. Bd3 dxc4 10. Qxc4 Bf5 11. Rd1 Bxc3+ 12. bxc3 Nd6 13. Qa4 Bxd3
14. Rxd3 b5 15. Qa6 Ne7 16. Bxd6 cxd6 17. Qxb5 Rb8 18. Qa4 Rb1+ 19. Rd1
Rxd1+ 20. Kxd1 Qb6 21. Kd2 Nd5 22. Rc1 h6 23. c4 Nf6 24. Ke1 Rc8 25. Nd2 e5
26. c5 dxc5 27. dxe5 Nd5 28. Qe4 Qe6 29. Nc4 Rb8 30. Nd6 Rb2 31. Rxc5 Nb6
32. Rc2 Qxa2 33. Rxb2 Qxb2 34. Qd4 Qc1+ 35. Ke2 Qc2+ 36. Kf3 Qc6+ 37. Qe4
Qxe4+ 38. Kxe4 a5 39. Kd4 a4 40. Nc4 Nd7 41. Kc3 Nc5 42. f3 Kf8 43. Kb4
Nd3+ 44. Kxa4 Ne1 45. Kb4 Nxg2 46. Kc3 Nh4 47. Nd2 Ke7 48. Kd4 Ke6 49. Ke4
g5 50. Nb3 f5+ 51. exf6 Kxf6 52. Nc5 Ng6 53. Nd3 Ne7 54. Nb4 Nf5 55. Nd5+
Ke6 56. Nc7+ Kf6 57. Nb5 Ne7 58. Nd4 Ng6 59. Nf5 h5 60. Ng3 h4 61. Nh5+ Ke6
62. f4 Ne7 63. fxg5 Kf7 64. Nf4 Nc6 65. Kf5 Kg7 66. h3 Nb4 67. Kg4 Nc2 68.
e4 Nd4 69. Kxh4 Kf7 70. Kg4 Nc6 1-0

[Event "World Blitz 2023"]
[Site "Samarkand UZB"]
[Date "2023.12.29"]
[EventDate "2023.12.29"]
[Round "3.8"]
[Result "1-0"]
[White "Shamsiddin Vokhidov"]
[Black "Raunak Sadhwani"]
[WhiteElo "2588"]
[BlackElo "2668"]
[PlyCount "42"]

1. e4 e5 2. Nf3 Nc6 3. Bb5 a6 4. Ba4 Nf6 5. O-O Be7 6. Re1 b5 7. Bb3 O-O 8.
a4 b4 9. a5 d6 10. c3 Rb8 11. Bc4 Bg4 12. h3 Bh5 13. Qe2 d5 14. exd5 Nxd5
15. Qe4 Rb5 16. Bxb5 axb5 17. Nxe5 Nxe5 18. Qxe5 Bg6 19. d4 bxc3 20. Nxc3
Bb4 21. Nxd5 1-0

[Event "World Blitz 2023"]
[Site "Samarkand UZB"]
[Date "2023.12.29"]
[EventDate "2023.12.29"]
[Round "3.9"]
[Result "0-1"]
[White "Aryan Tari"]
[Black "R Praggnanandhaa"]
[WhiteElo "2577"]
[BlackElo "2665"]
[PlyCount "100"]

1. e4 e5 2. Nf3 Nc6 3. d4 exd4 4. Nxd4 Bc5 5. Nxc6 bxc6 6. Bd3 d6 7. O-O
Nf6 8. h3 h6 9. Nc3 O-O 10. Bf4 Re8 11. Qd2 Rb8 12. b3 Bb4 13. a3 Nxe4 14.
Bxe4 Bxc3 15. Qxc3 Rxe4 16. Be3 c5 17. b4 cxb4 18. axb4 a6 19. Bd4 Bb7 20.
Rae1 Rxe1 21. Rxe1 Qg5 22. f3 Rc8 23. Qe3 Qf5 24. c4 Bc6 25. c5 Qg6 26. Qc3
dxc5 27. Bxc5 Rd8 28. Kh2 Rd5 29. Re7 Rg5 30. Qd2 Rd5 31. Qe2 Bb5 32. Qe4
Qxe4 33. Rxe4 Rd2 34. Kg1 c6 35. Re7 Rc2 36. Ra7 Bc4 37. h4 h5 38. Rc7 Bb5
39. Ra7 Rc4 40. Be7 f6 41. Ra8+ Kf7 42. Ra7 Rxh4 43. Bd8+ Kg8 44. Ra8 Kh7
45. Ra7 Kg6 46. Be7 Bc4 47. Bf8 Bf7 48. Rxa6 Rc4 49. Kh2 Rc2 50. Bc5 0-1

[Event "World Blitz 2023"]
[Site "Samarkand UZB"]
[Date "2023.12.29"]
[EventDate "2023.12.29"]
[Round "3.10"]
[Result "1-0"]
[White "Teimour Radjabov"]
[Black "B Adhiban"]
[WhiteElo "2664"]
[BlackElo "2576"]
[PlyCount "76"]

1. e4 e5 2. Nf3 Nc6 3. Bc4 Nf6 4. d3 Bc5 5. Nc3 h6 6. a3 a6 7. Be3 d6 8. h3
Bxe3 9. fxe3 Be6 10. Bxe6 fxe6 11. Qe2 Qe7 12. g4 O-O-O 13. O-O-O d5 14.
exd5 exd5 15. Rhe1 Rhe8 16. e4 d4 17. Na2 Nd7 18. Kb1 Nc5 19. Rf1 Ne6 20.
Qh2 Qc5 21. Nc1 Rf8 22. h4 Kb8 23. Nb3 Qb5 24. g5 a5 25. Nbd2 Rf4 26. gxh6
gxh6 27. Nc4 Rdf8 28. Nfd2 Nc5 29. Rxf4 Rxf4 30. Nxe5 Rf8 31. Ndc4 Na4 32.
Nd7+ Ka7 33. Nxf8 Nc3+ 34. Kc1 Nxd1 35. Kxd1 Qh5+ 36. Ke1 Qf3 37. Ne6 a4
38. Nxc7 1-0

[Event "World Blitz 2023"]
[Site "Samarkand UZB"]
[Date "2023.12.29"]
[EventDate "2023.12.29"]
[Round "3.11"]
[Result "0-1"]
[White "Pouya Idani"]
[Black "Van Foreest, Jorden"]
[WhiteElo "2574"]
[BlackElo "2664"]
[PlyCount "106"]

1. e4 e5 2. Nc3 Nf6 3. Bc4 Bc5 4. Nf3 d6 5. d3 O-O 6. O-O c6 7. a3 a5 8. h3
h6 9. d4 exd4 10. Nxd4 Re8 11. Be3 Nbd7 12. Bd3 Ne5 13. Be2 Ng6 14. Qd3 Qe7
15. Bf3 Ne5 16. Qe2 Nxf3+ 17. Nxf3 Nxe4 18. Bxc5 Nxc5 19. Qxe7 Rxe7 20. b4
Ne4 21. Rfe1 d5 22. b5 Kf8 23. Nxe4 Rxe4 24. bxc6 Rxe1+ 25. Rxe1 bxc6 26.
Ne5 Ra6 27. Nd3 Rb6 28. g4 f6 29. Kg2 Kf7 30. Kg3 a4 31. f4 g6 32. Re3 Rb5
33. Nb4 Bd7 34. Rd3 Rc5 35. c3 Ke7 36. Re3+ Kd6 37. h4 Rb5 38. Rd3 Rc5 39.
Kf3 h5 40. gxh5 gxh5 41. Kf2 Bf5 42. Rg3 Rc4 43. Rg8 c5 44. Rd8+ Kc7 45.
Rxd5 cxb4 46. cxb4 Rxf4+ 47. Ke3 Re4+ 48. Kf3 Re5 49. Rd4 Bg4+ 50. Kf4 Rf5+
51. Ke4 Rf3 52. Rc4+ Kb6 53. Kd4 0-1

[Event "World Blitz 2023"]
[Site "Samarkand UZB"]
[Date "2023.12.29"]
[EventDate "2023.12.29"]
[Round "3.12"]
[Result "1/2-1/2"]
[White "Robert Hovhannisyan"]
[Black "Parham Maghsoodloo"]
[WhiteElo "2570"]
[BlackElo "2660"]
[PlyCount "126"]

1. e4 e5 2. Nf3 Nc6 3. Bb5 a6 4. Ba4 Nf6 5. O-O Be7 6. Nc3 b5 7. Bb3 d6 8.
a4 Rb8 9. axb5 axb5 10. d3 O-O 11. h3 Nb4 12. Qe2 c5 13. Bd2 Be6 14. Bxe6
fxe6 15. Rfc1 Qd7 16. Nd1 Nc6 17. Ne3 Nd4 18. Nxd4 exd4 19. Ng4 e5 20. Ra6
Ra8 21. Rca1 Qb7 22. Nxf6+ Bxf6 23. Rxa8 Rxa8 24. Qd1 d5 25. Rxa8+ Qxa8 26.
exd5 Qxd5 27. Qg4 c4 28. g3 Qc6 29. h4 Kf7 30. Qh5+ Kg8 31. Qg4 Kf7 32.
Qh5+ Kg8 33. Qg4 g6 34. h5 Kf7 35. hxg6+ hxg6 36. Kf1 Qd5 37. Ke2 Bg7 38.
Qf3+ Ke6 39. Qg4+ Kf7 40. Qf3+ Ke6 41. Qxd5+ Kxd5 42. b3 e4 43. bxc4+ bxc4
44. dxe4+ Kxe4 45. f3+ Kd5 46. Bg5 Be5 47. g4 Bd6 48. Bh6 Be5 49. Bc1 Bf6
50. Bd2 Kc5 51. f4 Kd5 52. Kf3 Be7 53. Bc1 Bd8 54. Bd2 Bh4 55. Bc1 Be1 56.
f5 gxf5 57. gxf5 Ke5 58. f6 Kxf6 59. Ke4 d3 60. cxd3 c3 61. d4 Bd2 62. Kd3
Bxc1 63. Kxc3 1/2-1/2

[Event "World Blitz 2023"]
[Site "Samarkand UZB"]
[Date "2023.12.29"]
[EventDate "2023.12.29"]
[Round "3.14"]
[Result "1-0"]
[White "Anton Smirnov"]
[Black "S L Narayanan"]
[WhiteElo "2647"]
[BlackElo "2564"]
[PlyCount "120"]

1. e4 c5 2. Nf3 e6 3. d4 cxd4 4. Nxd4 a6 5. c4 Nf6 6. Nc3 Bb4 7. Qd3 d6 8.
Nc2 Bxc3+ 9. Qxc3 O-O 10. Bg5 Nbd7 11. f3 e5 12. Be3 Qc7 13. Be2 Nc5 14.
O-O Be6 15. Rfd1 h6 16. Rd2 Nfxe4 17. fxe4 Nxe4 18. Qd3 Nxd2 19. Bxd2 d5
20. cxd5 Bxd5 21. Bc3 Rad8 22. Qg3 f6 23. Ne3 Be6 24. h3 b5 25. a3 Kh8 26.
Rf1 Qb6 27. Kh2 a5 28. Nf5 Bxf5 29. Rxf5 b4 30. axb4 axb4 31. Be1 Qd4 32.
b3 Qe4 33. Qf3 Qxf3 34. Rxf3 Rd4 35. Bf2 Rd2 36. Re3 Rc8 37. Be1 Rd4 38.
Bc4 Rb8 39. Be2 Kg8 40. g4 Kf8 41. Kg3 Ke7 42. Bd3 Kd7 43. Kh4 Ke7 44. Kh5
Kf8 45. Kg6 Rb6 46. Bf5 Rb7 47. Bf2 Rd2 48. Rf3 Rc7 49. Be1 Rd4 50. Re3 Rc1
51. h4 Rc6 52. Bf2 Rd2 53. Be1 Rd4 54. Re2 Rc1 55. Bf2 Rd6 56. Ra2 Rc7 57.
Ra8+ Ke7 58. Kxg7 Rd2 59. Be1 Re2 60. Bxb4+ 1-0

[Event "World Blitz 2023"]
[Site "Samarkand UZB"]
[Date "2023.12.29"]
[EventDate "2023.12.29"]
[Round "3.15"]
[Result "1-0"]
[White "Aleksandar Indjic"]
[Black "Bobir Sattarov"]
[WhiteElo "2631"]
[BlackElo "2351"]
[PlyCount "98"]

1. e4 e5 2. Nf3 Nc6 3. Nc3 Nf6 4. Bb5 Bd6 5. a3 O-O 6. d3 Nd4 7. Bc4 c6 8.
Be3 Bc5 9. Ba2 d6 10. h3 b5 11. O-O Be6 12. Bxd4 Bxd4 13. Nxd4 exd4 14. Ne2
c5 15. f4 Re8 16. Ng3 Qb6 17. Kh1 Rac8 18. a4 a6 19. Bxe6 fxe6 20. axb5
axb5 21. Qf3 c4 22. Rf2 b4 23. e5 Nd5 24. dxc4 Rxc4 25. Ne4 dxe5 26. fxe5
Rcc8 27. Qf7+ Kh8 28. Nd6 Qb8 29. Nxe8 Rxe8 30. Raf1 h6 31. Qxe8+ Qxe8 32.
Rf8+ Qxf8 33. Rxf8+ Kh7 34. Re8 b3 35. Rc8 Ne3 36. c4 d3 37. Rd8 Kg6 38.
Rxd3 Nxc4 39. Rxb3 Nxe5 40. Rb7 Kf6 41. b4 Nc4 42. b5 Nd6 43. Rb8 Ke7 44.
b6 Kd7 45. Rg8 g5 46. Rg6 Nf5 47. g4 Nd6 48. Rxh6 Nb5 49. b7 1-0

[Event "World Blitz 2023"]
[Site "Samarkand UZB"]
[Date "2023.12.29"]
[EventDate "2023.12.29"]
[Round "3.16"]
[Result "1-0"]
[White "Zhamsaran Tsydypov"]
[Black "Sumiya Chinguun"]
[WhiteElo "2626"]
[BlackElo "2200"]
[PlyCount "90"]

1. d4 Nf6 2. c4 g6 3. Nf3 Bg7 4. g3 O-O 5. Bg2 d6 6. O-O c6 7. Nc3 Bf5 8.
b3 Ne4 9. Bb2 Nxc3 10. Bxc3 Be4 11. Bh3 Bxf3 12. exf3 c5 13. Rc1 Nc6 14. d5
Nd4 15. Re1 Bf6 16. f4 a6 17. Bf1 b5 18. Kg2 b4 19. Bxd4 Bxd4 20. Bd3 a5
21. Bc2 Qd7 22. h4 f5 23. Qf3 Rf6 24. Re6 Raf8 25. Rce1 R8f7 26. h5 Kg7 27.
Qe2 Rxe6 28. dxe6 Qb7+ 29. Be4 fxe4 30. exf7 e3+ 31. f3 Kxf7 32. Qd3 Qd7
33. Rh1 Qf5 34. hxg6+ hxg6 35. Qe4 Qxe4 36. fxe4 e6 37. Kf3 Kg7 38. g4 Kg8
39. g5 Kg7 40. Rh6 Bb2 41. Kxe3 e5 42. f5 Bc1+ 43. Kd3 gxf5 44. exf5 Bxg5
45. Rg6+ 1-0

[Event "World Blitz 2023"]
[Site "Samarkand UZB"]
[Date "2023.12.29"]
[EventDate "2023.12.29"]
[Round "3.17"]
[Result "1-0"]
[White "Johan-Sebastian Christiansen"]
[Black "Anton Guijarro, David"]
[WhiteElo "2541"]
[BlackElo "2616"]
[PlyCount "60"]

1. e4 c6 2. d4 d5 3. Nd2 dxe4 4. Nxe4 Nf6 5. Nxf6+ exf6 6. c3 Bd6 7. Bd3
O-O 8. Qc2 Re8+ 9. Ne2 h5 10. O-O h4 11. Nf4 Nd7 12. Qd1 g6 13. Nxg6 fxg6
14. Bxg6 Re7 15. Qh5 Nf8 16. Bh6 Rg7 17. Bxg7 Kxg7 18. Bd3 f5 19. Bxf5 Bxf5
20. Qxf5 Qf6 21. Qg4+ Kf7 22. Rae1 Ne6 23. Qh5+ Kg7 24. Re4 Rh8 25. Qg4+
Kf7 26. Rfe1 Nf8 27. R1e3 Rg8 28. Qh5+ Qg6 29. Rf3+ Kg7 30. Rg4 1-0

[Event "World Blitz 2023"]
[Site "Samarkand UZB"]
[Date "2023.12.29"]
[EventDate "2023.12.29"]
[Round "3.18"]
[Result "1/2-1/2"]
[White "Denis Makhnev"]
[Black "Hans Moke Niemann"]
[WhiteElo "2528"]
[BlackElo "2614"]
[PlyCount "150"]

1. d4 Nf6 2. c4 e6 3. Nc3 Bb4 4. e3 O-O 5. Bd3 d5 6. Ne2 Re8 7. O-O h6 8.
cxd5 exd5 9. a3 Bd6 10. f3 c5 11. Nb5 Bf8 12. dxc5 Bxc5 13. Nbd4 Nc6 14.
Qd2 Qb6 15. Kh1 Bd7 16. b4 Bxd4 17. exd4 Ne7 18. a4 Nf5 19. a5 Qe6 20. Bxf5
Qxf5 21. Ng3 Qg6 22. Qf2 Bb5 23. Rd1 Rac8 24. Bf4 Rc2 25. Rd2 Rec8 26. Rad1
R2c4 27. Bd6 Ne8 28. Be5 Rxb4 29. Rb2 Rxb2 30. Qxb2 a6 31. Rc1 Rxc1+ 32.
Qxc1 Bc4 33. Qe1 Qe6 34. Qd2 f6 35. Bf4 g5 36. Be3 Nd6 37. h3 Bb5 38. Bf2
Nc4 39. Qb4 Qd6 40. Qe1 Bd7 41. Nh5 Kf7 42. Ng3 f5 43. Qb1 Nxa5 44. Nxf5
Qg6 45. Qb4 Qxf5 46. Qxa5 Bc6 47. Qc7+ Qd7 48. Qe5 Kg6 49. h4 a5 50. hxg5
hxg5 51. Be3 Qf5 52. Qd6+ Qf6 53. Qb8 Qe6 54. Bd2 a4 55. Qd8 g4 56. Qg5+
Kf7 57. Qf4+ Qf6 58. Qxg4 a3 59. Qh5+ Qg6 60. Qxg6+ Kxg6 61. g4 Bb5 62. Kg2
Be2 63. Kg3 Kf6 64. f4 Ke6 65. f5+ Kf7 66. Kf4 b5 67. Bb4 a2 68. Bc3 b4 69.
Bb2 Bd3 70. g5 Be4 71. Ke5 Bd3 72. Kf4 Kg7 73. Ke5 Kf7 74. Kf4 Kg7 75. Ke5
Kf7 1/2-1/2

[Event "World Blitz 2023"]
[Site "Samarkand UZB"]
[Date "2023.12.29"]
[EventDate "2023.12.29"]
[Round "3.19"]
[Result "1/2-1/2"]
[White "Aleksey Dreev"]
[Black "Ian Nepomniachtchi"]
[WhiteElo "2599"]
[BlackElo "2795"]
[PlyCount "152"]

1. d4 Nf6 2. c4 e6 3. Nc3 d5 4. cxd5 exd5 5. Bg5 c6 6. e3 h6 7. Bh4 Be7 8.
Bd3 Bg4 9. Nge2 Nh5 10. Bxe7 Qxe7 11. Qb3 O-O 12. O-O a5 13. a3 Bxe2 14.
Bxe2 Nf6 15. Rac1 Ne8 16. Bd3 Nd6 17. Rfe1 Qd8 18. e4 dxe4 19. Nxe4 Nxe4
20. Bxe4 Ra6 21. Rcd1 Rb6 22. Qc3 Qf6 23. Rd2 Rb5 24. Rde2 Nd7 25. Bf3 Nb6
26. Re8 g6 27. b3 Nd5 28. Bxd5 Rxd5 29. Rxf8+ Kxf8 30. Re5 Qd6 31. Rxd5
Qxd5 32. a4 h5 33. g3 Kg7 34. h4 b6 35. Qe3 Kf8 36. Kf1 b5 37. Qc3 b4 38.
Qe3 Qf5 39. Ke2 Qc2+ 40. Kf3 Qd1+ 41. Kg2 Qb1 42. Kf3 Qc2 43. Kg2 Qc3 44.
Kf3 Qc2 45. Kg2 Qf5 46. Kf1 f6 47. Ke2 Kf7 48. Kf1 g5 49. hxg5 fxg5 50. Kg2
Qd5+ 51. Kh2 Kf6 52. Kg1 h4 53. Kh2 Qd6 54. Kg2 Qd5+ 55. Kh2 hxg3+ 56. Kxg3
Qf5 57. f3 Qd5 58. Kf2 Qd6 59. Kg2 Qe6 60. Qd3 Qf5 61. Qe3 Qe6 62. Qd3 Kg7
63. Kf2 Qd6 64. Qe3 Qh2+ 65. Kf1 Kf6 66. Qe4 Qd6 67. Kg2 c5 68. dxc5 Qxc5
69. Kg3 Qd6+ 70. Kg4 Qd7+ 71. Kg3 Qc7+ 72. Kg4 Qc8+ 73. Kg3 Qd7 74. Qc4
Qd6+ 75. Kg4 Qd7+ 76. Kg3 Qd6+ 1/2-1/2

[Event "World Blitz 2023"]
[Site "Samarkand UZB"]
[Date "2023.12.29"]
[EventDate "2023.12.29"]
[Round "3.21"]
[Result "1-0"]
[White "Vachier-Lagrave, Maxime"]
[Black "Jakhongir Vakhidov"]
[WhiteElo "2748"]
[BlackElo "2574"]
[PlyCount "106"]

1. e4 c5 2. Nf3 g6 3. c3 d5 4. e5 a6 5. d4 Nc6 6. h3 Bg7 7. Be2 f6 8. exf6
Nxf6 9. dxc5 O-O 10. Nbd2 e5 11. Nb3 Nh5 12. Bg5 Qd7 13. Qd2 Nf4 14. Bxf4
Rxf4 15. Rd1 Ne7 16. O-O Rf8 17. Rfe1 Qc7 18. Qg5 a5 19. a4 Bf5 20. Bd3
Bxd3 21. Rxd3 e4 22. Rdd1 Bf6 23. Qg4 exf3 24. g3 Qc8 25. Qxf3 Qxh3 26. Re2
Qh5 27. Qxh5 gxh5 28. Re6 h4 29. Rb6 hxg3 30. fxg3 Ra7 31. Rb5 Rfa8 32. Kh2
Kf7 33. Kh3 h5 34. Nc1 Rg8 35. Nb3 Be5 36. Rd3 Bc7 37. Nd4 Nc6 38. Nf5 Ke6
39. Rf3 Rg5 40. Nh4 Ne5 41. Re3 Kd7 42. Ng2 Kc6 43. Nf4 Rf5 44. Ne6 Ra8 45.
Nd4+ Kd7 46. Nxf5 Rf8 47. Nd4 Rg8 48. Rxb7 Nc4 49. c6+ Kc8 50. Nb5 Nxe3 51.
Rxc7+ Kb8 52. Rb7+ Kc8 53. Nd6+ 1-0

[Event "World Blitz 2023"]
[Site "Samarkand UZB"]
[Date "2023.12.29"]
[EventDate "2023.12.29"]
[Round "3.22"]
[Result "0-1"]
[White "Peter Svidler"]
[Black "M Amin Tabatabaei"]
[WhiteElo "2689"]
[BlackElo "2573"]
[PlyCount "64"]

1. e4 e5 2. Nf3 Nc6 3. Bc4 Nf6 4. d3 Bc5 5. c3 d6 6. a4 a5 7. Bg5 h6 8. Bh4
g5 9. Bg3 Qe7 10. Nbd2 Bd7 11. Qe2 Ba7 12. O-O-O Nh5 13. Bb3 Qf6 14. Nc4
Nf4 15. Bxf4 gxf4 16. d4 exd4 17. e5 dxe5 18. cxd4 O-O-O 19. Ncxe5 Nxe5 20.
dxe5 Qb6 21. Qc2 Qxf2 22. Qxf2 Bxf2 23. Bxf7 Bxa4 24. Rxd8+ Kxd8 25. b3 Bc6
26. Rd1+ Ke7 27. Bd5 Bxd5 28. Rxd5 Rg8 29. Rxa5 Rxg2 30. Ra8 Be3+ 31. Kd1
Rf2 32. Nh4 Rxh2 0-1

[Event "World Blitz 2023"]
[Site "Samarkand UZB"]
[Date "2023.12.29"]
[EventDate "2023.12.29"]
[Round "3.23"]
[Result "1-0"]
[White "Conrad Holt"]
[Black "Anton Korobov"]
[WhiteElo "2592"]
[BlackElo "2649"]
[PlyCount "44"]

1. d4 Nf6 2. c4 e6 3. Nc3 Bb4 4. Qc2 d6 5. Nf3 c5 6. e3 O-O 7. Bd3 d5 8.
O-O dxc4 9. Bxc4 cxd4 10. exd4 Nc6 11. Rd1 Ne7 12. Bg5 b6 13. d5 Qc7 14.
Nb5 Qb7 15. dxe6 Bxe6 16. Bxe6 fxe6 17. a3 a6 18. Bxf6 Rxf6 19. Qc7 Qxc7
20. Nxc7 Ra7 21. Rd8+ Kf7 22. Ne5# 1-0